Countries with Smallest Largest Neighbour - Statistics

General Stats
  • This quiz has been taken 58 times
  • The average score is 13 of 20
Answer Stats
Max Area Country % Correct
27,750 Dominican Republic
83%
48,671 Haiti
83%
131,990 Macedonia
78%
88,361 Kosovo
76%
112,492 El Salvador
74%
88,361 Montenegro
74%
131,990 Albania
72%
130,373 Costa Rica
72%
112,492 Nicaragua
72%
130,373 Honduras
70%
93,028 Croatia
65%
238,391 Serbia
65%
120,538 South Korea
65%
88,361 Bosnia and Herzegovina
63%
196,722 Gambia
59%
242,900 Ireland
59%
83,871 Liechtenstein
54%
245,857 Sierra Leone
52%
245,857 Guinea-Bissau
46%
185,180 Lebanon
41%
No matching quizzes found
Score Distribution
Percent of People with Each Score
Percentile by Number Answered
Your Score History
You have not taken this quiz